| 000 | 00426cam a22001337a 4500 | ||
|---|---|---|---|
| 008 | 180718b1957 xxu||||| |||| 00| 0 eng d | ||
| 082 | _aA99 H139 | ||
| 100 | _aHalifax, Edward Frederick | ||
| 245 |
_aFulness of days _cby Edward Frederick Halifax |
||
| 260 |
_aLondon _bCollins _c1957 |
||
| 300 | _a319p. | ||
| 500 | _aGovernor General of India (Baron Irwin) 1926-31 | ||
| 650 | _aGreat Britain --Foreign relations --20th century | ||
| 999 |
_c367495 _d367495 |
||